000 00647nam a2200265Ia 4500
005 20260324152553.0
008 008 260324s9999 xx 000 0 eng d
020 _a9780128020265
037 _aEBOOK
040 _aCRL
040 _beng
040 _cCRL
041 _2eng
041 _aeng
084 _qCRL
100 _aObodovskiy, Ilya
_9903972
245 0 _aFundamentals of Radiation and Chemical Safety
260 _bElsevier
260 _c2015
650 _aChemical Engineering
856 _uhttps://www.sciencedirect.com/science/book/9780128020265
942 _cEBOOK
999 _c1839842
_d1839842